[Event "OHRA-A"]
[Site "Amsterdam"]
[Date "1990.??.??"]
[Round "4"]
[White "Van der Wiel, John"]
[Black "Beliavsky, Alexander G"]
[Result "1/2-1/2"]
[WhiteElo "2555"]
[BlackElo "2605"]
[Annotator "Schussler,H"]
[PlyCount "98"]
[EventDate "1990.07.??"]
[EventType "tourn"]
[EventRounds "10"]
[EventCountry "NED"]
[EventCategory "14"]
[SourceTitle "CBM 020"]
[Source "ChessBase"]
[SourceDate "1991.02.01"]
[SourceVersion "1"]
[SourceVersionDate "1991.02.01"]
[SourceQuality "1"]

1. e4 e5 2. Nf3 Nc6 3. Bb5 a6 4. Ba4 Nf6 5. O-O b5 6. Bb3 Bb7 7. Re1 Bc5 8. c3
d6 9. d4 Bb6 10. Bg5 h6 11. Bh4 g5 {The main alternative is 11. - Qe7.} 12. Bg3
O-O 13. dxe5 (13. h4 g4 14. Nh2 h5 15. Qd2 Kh7 $13) (13. Qd3 Nh5 14. Nbd2 Qf6
15. Bd5 Rae8 $13 {Dolmatov-Beljavskij, Moskau (GMA-open) 1990.}) 13... Nxe5 14.
Nxe5 dxe5 15. Qf3 Re8 16. Nd2 Qe7 17. h3 Nd7 18. Nf1 Qf6 19. Nh2 Qxf3 20. Nxf3
Kg7 21. Rad1 Re7 22. Kf1 a5 $10 23. Bc2 b4 24. Nh2 h5 25. h4 g4 26. Kg1 bxc3
27. bxc3 Nc5 28. Nf1 Ree8 29. Kh2 a4 30. f3 gxf3 31. gxf3 Ba5 32. Bf2 Ne6 33.
Ng3 Bxc3 34. Rg1 Kf8 35. Nf5 Red8 36. Be3 Rxd1 37. Bh6+ Ke8 38. Rg8+ Kd7 39.
Rxa8 Rf1 40. Bxa4+ c6 41. Rb8 Kc7 42. Re8 Rxf3 43. Re7+ Kb6 44. Bd1 Rf2+ 45.
Kg3 Rxa2 46. Bxh5 Be1+ 47. Kh3 Ba6 48. Be3+ c5 49. Bxf7 Bf1+ {50.Kg4 Be2+ 51.
Kh3 Bf1+ =} 1/2-1/2

[Event "Olympiad-31"]
[Site "Moscow"]
[Date "1994.12.05"]
[Round "5.2"]
[White "Akopian, Vladimir Eduardovic"]
[Black "Malaniuk, Vladimir P"]
[Result "1/2-1/2"]
[WhiteElo "2630"]
[BlackElo "2610"]
[Annotator "Shipov,S"]
[PlyCount "49"]
[EventDate "1994.12.01"]
[EventType "team-swiss"]
[EventRounds "14"]
[EventCountry "RUS"]
[SourceTitle "CBM 045"]
[Source "ChessBase"]
[SourceDate "1995.04.01"]
[SourceVersion "1"]
[SourceVersionDate "1995.04.01"]
[SourceQuality "1"]
[WhiteTeam "Armenia"]
[BlackTeam "Ukraine"]
[WhiteTeamCountry "ARM"]
[BlackTeamCountry "UKR"]

1. e4 {Wedberg Ernst} e5 2. Nf3 Nc6 3. Bb5 a6 4. Ba4 Nf6 5. O-O b5 6. Bb3 Bc5
$5 (6... Bb7) 7. Nxe5 $1 (7. c3 d6 8. d4 Bb6 9. Bg5 (9. dxe5 Nxe5 10. Nxe5 dxe5
11. Qxd8+ Kxd8 12. Bxf7 Bb7 $1 $13) 9... h6 10. Bh4 g5 $5 11. Bg3 Bg4 {= Wdberg
} 12. dxe5 Nxe5 13. Nbd2 $6 (13. Bxe5 $32 Bxf3 14. Bxf6 Bxd1 15. Bxd8 Bxb3 16.
Bxc7 $16) 13... Nfd7 14. Bd5 Rb8 15. h3 Bh5 16. Bxe5 Nxe5 $15 {Bologan,
V-Tkachiov,V/Tilburg/1994/}) 7... Nxe5 8. d4 Bxd4 (8... Nxe4 $2 9. dxc5 Nxc5
10. Qd5 $18) (8... Qe7 $6 9. dxc5 Bb7 10. Nc3 Qxc5 11. Be3 Qe7 12. a4 $16) (
8... Bd6 {Ernst} 9. f4 $1 $14) 9. Qxd4 d6 10. f4 $5 (10. Nc3 c5 $1 11. Qd1 c4
$19) (10. Qd1 {Ernst} O-O 11. Bg5 h6 12. Bxf6 Qxf6 13. Nc3 c6 14. Ne2 a5 $132 {
Adams,M-Tkachiev,V/Moscow olm/1994/CBM 45}) (10. Qe3 $5 O-O (10... c5 $5) 11.
Nd2 Be6 12. f4 $14 {Roman,D-Stephan,E/Val Maubuee/1990/}) (10. c3 {+/= Hort in
ECO} O-O (10... Bb7 {Ernst} 11. f3 h6 12. Rd1 O-O 13. a4 $14 {Stefansson,
H-Malanuik,V/Moscow olm/1994}) 11. a4 Bb7 12. f3 c5 13. Qe3 c4 (13... Re8 $5)
14. Bc2 d5 15. axb5 axb5 16. Rxa8 Bxa8 17. exd5 $14 {Hulak,K-Fernandes,A/Budva/
1981/}) 10... c5 (10... Ng6 11. e5 $1 dxe5 (11... c5 12. Qf2 $36) 12. Qxd8+
Kxd8 13. fxe5 Nxe5 14. Bg5 $44) 11. Qc3 (11. Qd1 c4 12. fxe5 dxe5 $132 (12...
dxe5 {Wedberg,T} 13. Qxd8+ Kxd8 14. Bg5 Ke7 15. Nc3 Bb7 16. Bxc4 bxc4 $13)) (
11. Qe3 Neg4 (11... c4 12. fxe5 dxe5 13. Qg3 $16) 12. Qf3 Bb7 (12... c4 13. e5
$13) 13. Bd5 Nxd5 $1 $132) 11... Nxe4 12. Qe1 Bb7 $8 13. Nc3 $1 (13. fxe5 c4
14. exd6 O-O $10 {=/+ Wedberg}) 13... Nxc3 (13... c4 14. Nxe4 $18) 14. Bxf7+ (
14. bxc3 c4 15. fxe5 O-O 16. Ba3 Re8 (16... dxe5 17. Bxf8 Qd5 18. Qf2 Rxf8 $44)
17. Bxd6 cxb3 18. axb3 f6 $14) (14. fxe5 $5 {Wedberg,T} O-O (14... Nd5 $2 15.
exd6+ Kf8 16. Qe6 $18) (14... Ne4 15. Bxf7+ $16) 15. e6 Ne4 16. exf7+ Kh8 17.
c3 $14) 14... Kxf7 15. fxe5+ Kg8 16. bxc3 (16. Qxc3 $5 dxe5 17. Qxe5 (17. Qxc5
{Wedberg,T} Qd5 18. Qxd5+ Bxd5 $10) 17... Qd5 18. Qxd5+ Bxd5 19. Be3 h6 (19...
c4 20. Rad1 $16) 20. Rf5 (20. Rad1 $5 Bc4 $10) 20... Bc4 21. Rxc5 Kh7 $10 22.
a4 Rac8 23. a5 Rxc5 24. Bxc5 Rd8 25. Be3) 16... dxe5 17. Qxe5 Qd5 18. Qxd5+
Bxd5 19. Be3 h6 (19... c4 {Wedberg,T} 20. Rad1 $36) 20. Rf5 Bc4 21. Rxc5 Kh7
22. a4 Rac8 23. a5 Rxc5 24. Bxc5 Rd8 25. Be3 1/2-1/2

[Event "Tilburg Fontys"]
[Site "Tilburg"]
[Date "1996.10.11"]
[Round "1"]
[White "Leko, Peter"]
[Black "Shirov, Alexei"]
[Result "0-1"]
[WhiteElo "2630"]
[BlackElo "2685"]
[Annotator "Shirov,A"]
[PlyCount "178"]
[EventDate "1996.10.11"]
[EventType "tourn"]
[EventRounds "11"]
[EventCountry "NED"]
[EventCategory "16"]
[SourceTitle "CBM 056"]
[Source "ChessBase"]
[SourceDate "1997.02.01"]
[SourceVersion "1"]
[SourceVersionDate "1997.02.01"]
[SourceQuality "1"]

{Wedberg: In this game Shirov slowly builds a winning endgame from something
that looked perfectly even from the start.} 1. e4 {Hecht Wedberg} e5 2. Nf3 Nc6
3. Bb5 a6 4. Ba4 Nf6 5. O-O Bc5 $5 {In Ruy Lopez with Black I have been the
constant follower of Vladimir Malaniuk. As well as the Ukrainian grandmaster,
I've been employing the 'normal Arkhangelsk' then 'Arkhangelsk with 6...Bc5'
and now having seen his and Onischuk's games at the Olympiad with 5...Bc5 I
decided to give it a try.} 6. c3 b5 7. Bb3 {Finally it transposes to 6...Bc5
but the line 7.a4 is avoided.} d6 8. a4 (8. d4 {Wedberg}) 8... Bg4 {I was
surprised to learn afterwards that this logical move is the new one.} (8... Bb7
{has been played before but I didn't like it because after} 9. d4 (9. d3 h6 10.
Na3 O-O 11. Bd2 Na7 12. Re1 Bb6 13. Nc2 Nc8 14. axb5 axb5 15. Rxa8 Bxa8 16. Ne3
Ne7 $11 {1-0 Campora,D-Fernandez Garcia,J/ESP-chT 1993 (31)}) 9... Bb6 {
White can try to find something more useful than} 10. Re1 {.} (10. Bg5 {Wedberg
} h6 11. Bxf6 Qxf6 12. Bd5 O-O 13. Na3 Rfb8 14. Nc2 $14 {Wahls,M-Stern,R/
GER-ch Binz 1995/1-0 (61)})) (8... Rb8 {Wedberg} 9. d4 Bb6 10. axb5 axb5 11.
Na3 Ba6 (11... Bg4 12. Nxb5 O-O 13. Be3 exd4 14. cxd4 Qe8 15. Ba4 Nxe4 16. Nc3
Nxc3 17. bxc3 Qe4 $13 {1/2-1/2 Almasi,Z-Onischuk,A/Wijk op 1995 (38)}) 12. Re1
O-O 13. Bg5 h6 14. Bh4 b4 15. Nc2 Bc8 16. Ba4 Ne7 17. dxe5 dxe5 18. Nxb4 $16 {
1-0 Almasi,Z-Zvjaginsev,V/Wijk op 1995 (28)}) 9. d3 Rb8 10. axb5 axb5 11. h3
Bh5 12. Be3 $5 {I didn't expect this.} Bxe3 13. fxe3 Bxf3 $6 {In retrorespect
I think that simple} (13... Nd7 $10 {was better. I choose the text because the
arising structure resembled my game against Short (Yerevan, ol 1996) where I
somewhat overestimated my chances with White although finally won. Comparing
the present game to that one I should note that Black is better in development
but White's bishop is much more active on b3 than in that game on g2.
Therefore I doubt whether exchanging my bishop for his knight was the right
decision.}) 14. Qxf3 O-O 15. Nd2 $14 b4 16. Rf2 $6 {Logical but slow.} (16. g4
$1 $14 {was better}) 16... Ra8 $1 17. Rb1 {Both} (17. Rxa8 Qxa8 18. g4 $6 bxc3
19. bxc3 Qa1+ $1 20. Kg2 Nd8 {and}) (17. Raf1 bxc3 18. bxc3 Ra3 {yield Black
enough counterplay.}) 17... Na5 $1 18. Ba4 (18. cxb4 $6 Nxb3 19. Nxb3 Qb8 $15)
18... Rb8 $1 (18... c5 $6 19. c4 $1 $14 {פa5}) 19. Ra1 (19. c4 b3 $1 $132)
19... bxc3 20. bxc3 {PAWN STRUCTURE} Rb2 $1 {Black's activity on the queenside
is not to be underestimated and now White himself starts simplifying the
position. A few moves later Leko offered me a draw but I rejected it hoping
that the better pawn structure would always give me a slight chance in a deep
endgame.} 21. Nf1 Rxf2 22. Qxf2 Nb7 $1 $15 23. Bc6 Nc5 24. Qc2 Qb8 25. Rb1 Qa7
26. d4 (26. Nd2 $11 {Wedberg}) 26... Ne6 27. Nd2 Rb8 28. Bd5 Rxb1+ 29. Qxb1 Nd8
{Wedberg: Blacks idea is to play against Whites B. After exchanging one pair
of N:s there are all kinds of attacking chances for Black.} 30. Kf2 g6 31. Nf3
$2 {Mistake which went unnoticed as both opponents were a little short of time.
} (31. Bc4 $15 {would be normal.}) 31... c6 32. Bc4 Kg7 $2 {After the game
Leko suggested that} (32... Qa5 $1 {would yield me a big advantage. His
assessment can be confirmed by the line} 33. dxe5 dxe5 34. Qd3 Kg7 $17) 33. Bd3
$15 {Again White is just a little worse.} (33. dxe5 {Wedberg} dxe5 34. Nxe5 $2
Qe7 $17) 33... Ne6 34. Qb2 Qc7 35. Bc2 h6 $1 36. Ke2 $2 {Another error. The
king has nothing to do in the centre and now Black queen has a chance to
penetrate.} (36. Qb4 $15 Ng5 $140 37. Nd2 {would be correct.}) 36... Ng5 $1 37.
Nxg5 (37. Nd2 d5 $1 $17 {would be especially dangerous for White in the
time-trouble.}) 37... hxg5 $17 38. Bd3 g4 {I saw the opportunity} (38... d5 $5
{but on the last minute on the clock (good gracious it was the digital one) I
preferred a safer continuation. The line} 39. exd5 exd4 40. cxd4 Qg3 $1 {
just proves how bad White's position is.}) 39. hxg4 Qd7 {Wedberg: The game is
now quite unpleasant for White.} 40. Kf1 Qxg4 {This ending should be winning
as well. However I didn't understand the position properly spending too much
time considering possible queen exchanges which often just lead to the draw.
Meanwhile with queens on the board Black should sooner or later make decisive
threats. I think I followed the right plan but just like in the game against
Swidler I nearly collapsed when having just to finish the job.} 41. Qe2 Qh4 42.
Qf2 Qh1+ 43. Ke2 Qa1 44. Qe1 Qa2+ 45. Qd2 Qe6 46. Qc2 c5 $1 {Black wants to
force White to play c3-c4.} 47. dxc5 dxc5 48. Ke1 Qc6 $1 49. c4 Qb6 {Black is
not in hurry.} 50. Qc3 Nd7 51. Ke2 Qe6 52. Bc2 Qg4+ 53. Kf1 Qg3 54. Qe1 Qh2 55.
Qf2 Nf6 $1 56. Ke2 Qh1 57. Qf1 Qh4 $1 {Here is a sample of Black's
difficulties to win after changing queens:} (57... Qxf1+ $2 58. Kxf1 Kf8 59.
Ke2 Ke7 60. Kd3 Kd6 61. Bd1 Kc6 62. Bf3 Kb6 63. Kc3 Ka5 64. Kb3 g5 65. g4 $10)
58. Qf2 Qh2 59. Qf3 (59. Bd3 Ne8 $17) 59... Ne8 $1 {Should have been the
decisive maneuvre.} 60. Bd3 Nd6 61. Qf1 Qh4 $1 62. Qf2 (62. Qf3 f5 63. Qf2 (63.
g3 Qh2+ 64. Ke1 fxe4 65. Bxe4 Nxc4) 63... Qxf2+ 64. Kxf2 fxe4 {is probably
winning for Black.}) 62... Qe7 $4 {I wanted to put my queen to e6 and there is
no explanation why I didn't notice} (62... Qg4+ 63. Qf3 Qe6 {and White should
simply resign.}) 63. Qf1 Qb7 $2 {It was not too late to play} (63... Qh4) 64.
Qa1 $132 Kf6 65. Qa5 Nxe4 66. Bxe4 Qxe4 {[#]_|_ Hecht Einfaches
Freibauernrennen; ab Zug 80 technisch einfaches Q-Endspiel mit Q vs Q+PP} 67.
Qxc5 Qxg2+ {Suddenly the technically winning position turned into a very
complicated queen's ending which I believe should be drawn. Of course, having
some only 20 minutes to the sudden death I already felt no optimism. I am
still so disgusted with my play on this stage, that I hope the reader will
forgive me that I am not analysing this ending (it seems a deep analysis and
sometimes a CD ROM is needed) and will just give some brief remarks.} 68. Kd3
Qf1+ 69. Kd2 (69. Ke4 $5 {Hecht} Qf5+ 70. Kd5 e4+ (70... Qd3+ 71. Kc6 g5 72.
Qd6+ Qxd6+ 73. Kxd6 g4 74. c5 g3 75. c6 g2 76. c7 g1=Q 77. c8=Q Qd1+ $19) 71.
Kd6 Qxc5+ $2 72. Kxc5 Ke7 73. Kb6 f5 74. c5 f4 75. exf4 e3 76. c6 e2 77. c7
e1=Q 78. c8=Q Qb4+ 79. Ka7 Qxf4 $11) 69... Qf2+ 70. Kd3 $1 (70. Kd1 {probably
loses to} Qf5) 70... Qf5+ 71. Kc3 g5 72. Qb6+ $4 {I couldn't see the way to
win after} (72. Qf8 $1 {and I still don't see it.}) 72... Kg7 {Again Black is
completely winning and this time with no mistakes til the end.} 73. c5 g4 74.
c6 g3 75. c7 g2 76. e4 Qf1 $1 77. Kd2 (77. c8=Q Qc1+) 77... g1=Q 78. Qxg1+ Qxg1
79. c8=Q Qd4+ 80. Ke2 Qxe4+ 81. Kf2 Qf4+ 82. Ke2 e4 83. Qc3+ Kg6 84. Qc6+ Kg5
85. Qc5+ Kg4 86. Qc8+ Kg3 87. Qc5 Kg2 88. Qd5 Qf3+ 89. Ke1 Qe3+ 0-1

[Event "Koop Tjuchem"]
[Site "Groningen"]
[Date "1996.??.??"]
[Round "4"]
[White "Shirov, Alexei"]
[Black "Onischuk, Alexander"]
[Result "1/2-1/2"]
[WhiteElo "2685"]
[BlackElo "2605"]
[Annotator "Shirov,A"]
[PlyCount "87"]
[EventDate "1996.12.20"]
[EventType "tourn"]
[EventRounds "11"]
[EventCountry "NED"]
[EventCategory "16"]
[SourceTitle "CBM 057"]
[Source "ChessBase"]
[SourceDate "1997.04.01"]
[SourceVersion "1"]
[SourceVersionDate "1997.04.01"]
[SourceQuality "1"]

1. e4 e5 2. Nf3 Nc6 3. Bb5 a6 4. Ba4 Nf6 5. O-O Bc5 6. c3 b5 7. Bc2 d6 $1 (7...
d5) 8. d4 (8. h3 O-O 9. a4 Bb7 10. d4 Bb6 11. axb5 axb5 12. Rxa8 Bxa8 13. dxe5
Nxe5 14. Nxe5 dxe5 15. Qe2 Bc6 16. Na3 Qa8 17. Re1 {1/2-1/2 Leko,P-Shirov,A/
Groningen(11) 1996} Rb8 $5 18. Bd3 Qa4 $13) 8... Bb6 9. h3 $5 $146 O-O 10. Bg5
h6 11. Bh4 Qe7 (11... g5 12. Nxg5 $5) 12. a4 Bd7 13. d5 Na5 $5 14. Nbd2 Kh8 15.
b4 Nb7 16. c4 g5 17. Bg3 Nh5 18. Kh2 Nf4 (18... Rg8 $5) 19. cxb5 axb5 20. a5
Ba7 21. Bxf4 gxf4 (21... exf4 22. Qe2 $14) 22. Qe2 Rg8 23. Bd3 (23. a6 Nd8 24.
Bd3 Rb8 $13) 23... Rg6 24. Bxb5 (24. a6 Rag8 $3 (24... Nd8 $2 25. Bxb5 $16) 25.
axb7 $2 Rxg2+ 26. Kh1 Bxh3 27. Rxa7 R2g5 $1 $19) 24... Rag8 25. Rg1 Bc8 $44 26.
g4 $6 (26. Bd3 $13) 26... fxg3+ 27. Rxg3 Qf6 $1 $15 28. Rag1 Qf4 29. Qe1 Nd8
30. Bf1 c6 (30... R8g7 $15) 31. Bc4 R8g7 32. Qf1 h5 33. Kh1 Rxg3 34. Rxg3 Rxg3
35. fxg3 Qxg3 36. Qg2 $1 Qf4 (36... Qxh3+ 37. Qxh3 Bxh3 38. Ng5 $13) 37. Qg5
Qxg5 38. Nxg5 Be3 39. Ndf3 $11 Kg7 40. dxc6 Nxc6 41. Nxf7 Nxb4 42. Nxd6 Bxh3
43. Nxe5 Kf6 44. Nf3 1/2-1/2

[Event "Hoogovens"]
[Site "Wijk aan Zee"]
[Date "1996.01.13"]
[Round "1"]
[White "Topalov, Veselin"]
[Black "Shirov, Alexei"]
[Result "1/2-1/2"]
[WhiteElo "2700"]
[BlackElo "2690"]
[Annotator "Shirov,A"]
[PlyCount "106"]
[EventDate "1996.01.13"]
[EventType "tourn"]
[EventRounds "13"]
[EventCountry "NED"]
[EventCategory "17"]
[SourceTitle "CBM 051"]
[Source "ChessBase"]
[SourceDate "1996.04.01"]
[SourceVersion "1"]
[SourceVersionDate "1996.04.01"]
[SourceQuality "1"]

1. e4 e5 2. Nf3 Nc6 3. Bb5 a6 4. Ba4 Nf6 5. O-O b5 6. Bb3 Bc5 7. a4 Rb8 8. c3
d6 9. d4 Bb6 10. Na3 Bg4 11. axb5 axb5 12. Nxb5 O-O 13. Bc2 $146 (13. Be3 {
Almasi-Onischuk, Wijk an Zee 1995}) 13... d5 $5 14. Bg5 (14. exd5 Qxd5 15. dxe5
Qxb5 16. Ba4 $1 (16. exf6 Rbd8 17. Ba4 Qh5 18. Qe2 Rfe8 19. Qb5 (19. Be3 $4 Ne5
20. Bxe8 Bxf3 $19) 19... Ne5 20. Nxe5 Rxe5 21. Qb4 Bc5 22. Qf4 Bd6 23. h3 Bxh3
24. Qg3 Bg4 25. Bf4 Rg5 $132) 16... Bxf3 17. Qxf3 $1 (17. Bxb5 Bxd1 18. Bxc6
Ng4 19. Rxd1 Nxf2 $10) (17. gxf3 Qxe5 18. Bxc6 Qe6 19. Qa4 Rbd8 $44) 17... Nxe5
18. Bxb5 Nxf3+ 19. gxf3 Bxf2+ 20. Kxf2 Rxb5 $14) (14. h3 $5 Bxf3 15. Qxf3 exd4
16. Bg5 $13) 14... exd4 15. cxd4 Bxf3 16. Qxf3 (16. gxf3 dxe4 $10) 16... Bxd4
$10 17. exd5 Qxd5 18. Qxd5 Nxd5 19. Nxd4 Nxd4 20. Be4 Nf6 21. Bxf6 gxf6 22. Ra7
Rfe8 $6 (22... Rxb2 23. Rxc7 Rd2 $10) 23. Bd3 Re7 24. Rb1 Nb3 $6 (24... Rb4 $10
) 25. h3 Nd2 26. Rc1 Rb3 27. Rc3 Rxc3 $6 (27... Rxb2 28. Rcxc7 Rxc7 29. Rxc7
Rb4 $1 $10) 28. bxc3 Nb3 29. Ra4 $1 $14 Nc5 30. Rg4+ Kh8 31. Bc4 h6 32. Bd5 Nd7
33. Kh2 Ne5 34. Rg3 Rd7 35. Bb3 Rd2 (35... Rd3 $4 36. f4 $18) (35... Re7 $14)
36. f4 Nd3 37. Bxf7 Nxf4 38. Rg4 Ne2 39. Rc4 Rc2 $2 $138 (39... Rd3 $10) 40.
Bh5 $1 Nxc3 $8 41. Bg6 $6 (41. Rxc7 Rc1 $14 42. Bf7 $140 f5 $1 (42... Ne2 $4
43. Rxc1 Nxc1 44. Bc4 $18) 43. Bb3 (43. h4 Kg7 $1 $10) 43... f4 $1 44. h4 Ne2
45. Rxc1 Nxc1 46. Bc4 Kg7 47. Kg1 (47. Kh3 h5 $10) 47... Kg6 48. Kf2 Kh5 49.
Kf3 Kxh4 50. Kxf4 Kh5 51. Bf7+ Kh4 $10) (41. Rc6 $5 Rc1 42. Rxf6 Kg7 43. Rf7+
Kg8 44. Rxc7 Ne2 $14) 41... Rc1 42. Bd3 Na2 $1 43. Rxc1 Nxc1 44. Bc4 f5 45. Kg3
Kg7 46. Kf3 Kf6 47. Kf4 c6 48. h4 Kg6 49. Ke5 Kh5 50. g3 Kg4 51. h5 Kxg3 (51...
c5 $4 52. Kf6 Kxg3 53. Kg6 $1 $18) (51... Kg5 52. Ke6 f4 $1 (52... c5 $4 53.
Ke5 $18) 53. gxf4+ Kxf4 54. Kf6 Ke3 55. Kg6 Ne2 $10) 52. Kxf5 Kf2 53. Kg6 Ne2 (
53... Ne2 54. Bxe2 Kxe2 55. Kxh6 c5 $10) 1/2-1/2